<?xml version="1.0" encoding="UTF-8"?>
<record
    xmlns:xsi="http://www.w3.org/2001/XMLSchema-instance"
    xsi:schemaLocation="http://www.loc.gov/MARC21/slim http://www.loc.gov/standards/marcxml/schema/MARC21slim.xsd"
    xmlns="http://www.loc.gov/MARC21/slim">

  <leader>00793nam a22001935i 4500</leader>
  <controlfield tag="001">160107</controlfield>
  <controlfield tag="003">ES-MaACL</controlfield>
  <controlfield tag="005">20251109133346.0</controlfield>
  <controlfield tag="008">040920s1891    xxu          |||| | eng d</controlfield>
  <datafield tag="040" ind1=" " ind2=" ">
    <subfield code="a">CAM </subfield>
    <subfield code="b">spa </subfield>
    <subfield code="c">CAM</subfield>
  </datafield>
  <datafield tag="100" ind1="1" ind2=" ">
    <subfield code="a">Montt, Pedro.</subfield>
    <subfield code="9">130120</subfield>
  </datafield>
  <datafield tag="245" ind1="1" ind2="0">
    <subfield code="a">Exposition of the illegal acts of ex-president Balmaceda which causes the civil war in Chile / </subfield>
    <subfield code="c">by Pedro Montt.</subfield>
  </datafield>
  <datafield tag="260" ind1=" " ind2=" ">
    <subfield code="a">Washington : </subfield>
    <subfield code="b">Gibson Bros., printed and bookbinders, </subfield>
    <subfield code="c">1891.</subfield>
  </datafield>
  <datafield tag="300" ind1=" " ind2=" ">
    <subfield code="a">40 p. ; </subfield>
    <subfield code="c">23 cm.</subfield>
  </datafield>
  <datafield tag="600" ind1="1" ind2="7">
    <subfield code="a">Balmaceda, Jos&#xE9; Manuel,  </subfield>
    <subfield code="c">Presidente de Chile-</subfield>
    <subfield code="y">1886-1891</subfield>
    <subfield code="2"></subfield>
    <subfield code="9">125790</subfield>
  </datafield>
  <datafield tag="651" ind1=" " ind2="4">
    <subfield code="a">Chile-</subfield>
    <subfield code="x">Pol&#xED;tica y gobierno-</subfield>
    <subfield code="y">1886-1891-</subfield>
    <subfield code="v">Fuentes.</subfield>
    <subfield code="9">223278</subfield>
  </datafield>
  <datafield tag="852" ind1=" " ind2=" ">
    <subfield code="a">ES-MaACL</subfield>
    <subfield code="j">T-549-F-5 </subfield>
    <subfield code="z">-- Enc. hol., conservando la cub. original </subfield>
    <subfield code="z">-- Enc. en un vol. facticio</subfield>
  </datafield>
  <datafield tag="999" ind1=" " ind2=" ">
    <subfield code="c">160107</subfield>
    <subfield code="d">160107</subfield>
  </datafield>
  <datafield tag="952" ind1=" " ind2=" ">
    <subfield code="0">0</subfield>
    <subfield code="1">0</subfield>
    <subfield code="4">0</subfield>
    <subfield code="7">0</subfield>
    <subfield code="8">Colecci&#xF3;n_de_folletos</subfield>
    <subfield code="a">ATENEOM</subfield>
    <subfield code="b">ATENEOM</subfield>
    <subfield code="c">DEPOF</subfield>
    <subfield code="d">2008-01-17</subfield>
    <subfield code="l">0</subfield>
    <subfield code="o">T-549-F-5</subfield>
    <subfield code="p">1167621</subfield>
    <subfield code="r">2023-02-23 00:00:00</subfield>
    <subfield code="w">2023-02-23</subfield>
    <subfield code="y">FOLLETOS</subfield>
  </datafield>
</record>
